| 000 | 00793cam a22002657a 4500 | ||
|---|---|---|---|
| 999 |
_c2605 _d2605 |
||
| 001 | 12888328 | ||
| 003 | GBCCL | ||
| 005 | 20241126110433.0 | ||
| 008 | 020808s2000 coua b 000 0 eng | ||
| 010 | _a 2002511378 | ||
| 020 | _a0830718168 | ||
| 040 |
_aDLC _cDLC |
||
| 050 | 0 | 0 | _aMLCS 2006/08963 (B) |
| 082 |
_a248.844 _bSUN |
||
| 100 | 1 |
_aSunde, David. _95481 |
|
| 245 | 1 | 0 |
_aGrowing together in Christ / _cby David Sunde. |
| 260 |
_aVentura : _bGospel light., _cc1996. |
||
| 300 |
_a180 p. : _bill. ; _c22 cm. |
||
| 490 | 0 | _aHomeBuilders couples series | |
| 504 | _aIncludes bibliographical references | ||
| 650 |
_aMarriage _vChristian life _95482 |
||
| 906 |
_a7 _bcbc _corignew _d3 _encip _f20 _gy-gencatlg |
||
| 942 |
_2ddc _cBK _02 |
||